|
|
|
|
| LEADER |
01161nam a2200301 u 4500 |
| 001 |
10066931 |
| 003 |
upatras |
| 005 |
20210117201416.0 |
| 008 |
080625m2006 us eng |
| 020 |
|
|
|a 9812566422
|q (set)
|
| 020 |
|
|
|a 9812569774
|q (v.1)
|
| 040 |
|
|
|a GR-PaULI
|c GR-PaULI
|
| 041 |
0 |
|
|a eng
|
| 082 |
0 |
4 |
|a 510
|
| 100 |
1 |
|
|a Chua, Leon O.
|9 60808
|
| 245 |
1 |
0 |
|a A nonlinear dynamics perspective of Wolfram's new kind of science
|c Leon O Chua
|
| 260 |
|
|
|a New Jersey
|b World Scientific
|c 2006
|
| 300 |
|
|
|a 2 v.
|b fig., tab.
|c 29 cm.
|
| 490 |
0 |
|
|a World scientific series on nonlinear science
|v 57
|
| 504 |
|
|
|a Includes bibliographical references and index
|
| 505 |
0 |
|
|a v.1. - xxvii, 367 p. --
|
| 650 |
|
4 |
|a Μαθηματικά
|9 104
|
| 760 |
0 |
|
|a World scientific series on nonlinear science
|g 57
|
| 852 |
|
|
|a GR-PaULI
|b ΠΑΤΡΑ
|b ΒΚΠ
|b ΒΣ1
|k ΑΣΧΞ-12
|h 510 CHU
|m 091194
|p 025000161175
|t 1
|3 v.1
|
| 942 |
|
|
|2 ddc
|c BK15
|
| 952 |
|
|
|0 0
|1 0
|3 v.1
|4 0
|6 510_000000000000000_CHU
|7 0
|9 67172
|a LISP
|b LISP
|c BSC
|d 2016-04-24
|i 091194
|l 0
|o 510 CHU
|p 025000161175
|r 2016-04-24 00:00:00
|t 1
|w 2016-04-24
|y BK15
|
| 998 |
|
|
|c ΒΑΣΙΛΕΙΟΥ
|d 2008-06
|
| 999 |
|
|
|c 43223
|d 43223
|